Central Library OPAC University of Rajshahi

Introductory sociology / (Record no. 33456)

MARC details
000 -LEADER
fixed length control field 00824cam a22002652 4500
001 - CONTROL NUMBER
control field 33456
003 - CONTROL NUMBER IDENTIFIER
rucl marc code BD-RjUL
005 - DATE AND TIME OF LATEST TRANSACTION
control field 20211209052017.0
008 - FIXED-LENGTH DATA ELEMENTS--GENERAL INFORMATION
fixed length control field 140508t1940 nyu 001 0 eng d
035 ## - SYSTEM CONTROL NUMBER
System control number (BD-RjUL)33547
040 ## - CATALOGING SOURCE
Original cataloging agency FUT
Transcribing agency FUT
Modifying agency CSU
-- OCL
-- EQO
-- BD-RjUL
Language of cataloging eng
041 ## - LANGUAGE CODE
Language code of text/sound track or separate title eng
082 00 - DEWEY DECIMAL CLASSIFICATION NUMBER
Classification number 301
Author mark and year SUI 1940
090 ## - LOCALLY ASSIGNED LC-TYPE CALL NUMBER (OCLC); LOCAL CALL NUMBER (OCLC)
Classification number (OCLC) (R) ; Classification number, CALL (RLIN) (NR) HM66
Local cutter number (OCLC) ; Book number/undivided call number, CALL (RLIN) .S88 1948a
100 1# - MAIN ENTRY--PERSONAL NAME
Personal name Sutherland, Robert L.
Fuller form of name (Robert Lee)
9 (RLIN) 101539
245 10 - TITLE STATEMENT
Title Introductory sociology /
Statement of responsibility, etc. Robert L. Sutherland [and] Julian L. Woodward.
250 ## - EDITION STATEMENT
Edition statement 2nd ed.
260 ## - PUBLICATION, DISTRIBUTION, ETC. (IMPRINT)
Place of publication, distribution, etc. New york :
Name of publisher, distributor, etc. J.B. Lippincott Co.,
Date of publication, distribution, etc. c1940
300 ## - PHYSICAL DESCRIPTION
Pagination xiv, 863 p. :
Illustrations ill.;
Size 24 cm
504 ## - BIBLIOGRAPHY, ETC. NOTE
Bibliography, etc Includes bibliographical reference and index.
650 #0 - SUBJECT ADDED ENTRY--TOPICAL TERM
Topical term or geographic name as entry element Sociology
9 (RLIN) 101540
700 1# - ADDED ENTRY--PERSONAL NAME
Personal name Woodward, Julian Laurence,
Dates associated with a name 1900-1952
942 ## - ADDED ENTRY ELEMENTS (KOHA)
Source of classification or shelving scheme Dewey Decimal Classification
Koha item type Books
Holdings
Lost status Source of classification or shelving scheme Damaged status Not for loan Collection code Permanent Location Current Location Shelving location Date acquired Source of acquisition Total Checkouts Full call number Date last seen Copy number Koha item type
  Dewey Decimal Classification   Not For Loan Non-fiction Central Library, University of Rajshahi Central Library, University of Rajshahi Reading Room 01/12/1955 asia foundation   301 SUI 1940 08/05/2014 C-1 Books
  Dewey Decimal Classification   Not For Loan Non-fiction Central Library, University of Rajshahi Central Library, University of Rajshahi Reading Room 01/12/1955 asia foundation   301 SUI 1940 08/05/2014 C-2 Books
  Dewey Decimal Classification     Non-fiction Central Library, University of Rajshahi Central Library, University of Rajshahi   01/12/1955 Asia Foundation   301 SUI 1940 19/05/2014 C-3 Books